| 000 | 00460nam a22001817i 4500 | ||
|---|---|---|---|
| 001 | 3433 | ||
| 003 | OSt | ||
| 005 | 20170126082318.0 | ||
| 007 | tu | ||
| 008 | 161220s1995 xxu||||| |||| 00| 0 d | ||
| 024 | 7 |
_a3432 _2RID |
|
| 040 | _cOSt | ||
| 245 | 0 | 0 | _aComparison in Real Terms of the Aggregates of ESA. Results for 1992 and 1993 |
| 260 |
_aLuxembourg, _c1995. |
||
| 300 |
_a69 S. ; _c30cm. |
||
| 490 | _aSeries Accounts and Surveys (2 C) | ||
| 110 | 2 |
_aeurostat _eEd. |
|
| 942 | _cB | ||
| 999 |
_c3383 _d3383 |
||